000 00654nam a2200229Ia 4500
005 20241129115525.0
008 241129s9999||||xx |||||||||||||| ||und||
020 _a9788195782918
037 _aTB
040 _aSDCL
_beng
_cSDCL
041 _aeng
_2eng
084 _aB28931 R3
_qSDCL
100 _aBorkar Vivek S.; Rao K.S. Mallikarjuna
_9727655
245 0 _aElementry convexity with optimization
260 _aNew Delhi
_bHindustan Book Agency
_c2023
300 _axii,146p.
365 _aINR
_b0
490 _aText and readings in Mathematics ( No-83)
650 _aGift
942 _cTB
_hB28931 R3
999 _c1230808
_d1230808